[Event "Copenhagen Chess Challenge IM 2025"]
[Site "Ballerup"]
[Date "2025.07.23"]
[Round "1.6"]
[White "Falkesgaard, Jeppe Hald"]
[Black "Sriram, Jha"]
[Result "0-1"]
[WhiteElo "2309"]
[BlackElo "2301"]
[EventDate "2025.07.23"]
[EventType "tourn"]
[EventRounds "9"]
[EventCountry "DEN"]
[SourceTitle "Live v. Michael Andersen"]

1. d4 d5 2. c4 e6 3. Nc3 Nf6 4. cxd5 exd5 5. Bg5 Be7 6. e3 h6 7. Bh4 Bg4 8. Qb3 Nbd7 9. Bd3 c5 10. Bxf6 Bxf6 11. Qxd5 O-O 12. Qe4 Re8 13. Qh7+ Kf8 14. d5 Bxc3+ 15. bxc3 Nf6 16. Qh8+ Ke7 17. Qxg7 Qxd5 18. Be2 Qxg2 19. O-O-O Rad8 20. Rf1 Rh8 21. f3 Rh7 0-1

[Event "Copenhagen Chess Challenge IM 2025"]
[Site "Ballerup"]
[Date "2025.07.23"]
[Round "1.7"]
[White "Strom Engdahl, Alexander"]
[Black "Ramsdal, Jens Albert"]
[Result "1/2-1/2"]
[WhiteElo "2313"]
[BlackElo "2325"]
[EventDate "2025.07.23"]
[EventType "tourn"]
[EventRounds "9"]
[EventCountry "DEN"]
[SourceTitle "Live v. Michael Andersen"]

1. Nf3 Nf6 2. c4 e6 3. e3 d5 4. Nc3 c6 5. b3 Bd6 6. Bb2 O-O 7. Be2 b6 8. Qc2 Bb7 9. O-O Nbd7 10. d4 c5 11. cxd5 exd5 12. Rfd1 Rc8 13. Rac1 Qe7 14. Qf5 Qe6 15. Qb1 Ne4 16. dxc5 Ndxc5 17. Nb5 Bb8 18. Nbd4 Qg6 19. Qa1 Ne6 20. Nxe6 fxe6 21. Be5 Bxe5 22. Qxe5 Qf6 23. Qxf6 gxf6 24. Bf1 Nc3 25. Re1 e5 26. Rc2 Ne4 27. Rb2 Rc3 28. Nd2 Nxd2 29. Rxd2 Rfc8 30. f3 Rc2 31. Red1 Kf7 32. Bd3 Rxd2 33. Rxd2 h6 34. Bf5 Rc1+ 35. Kf2 Ke7 36. Rc2 Rxc2+ 37. Bxc2 a5 38. Bd3 Kd6 39. Ke2 Kc5 40. a3 b5 41. Kd2 b4 42. a4 Bc8 43. Bc2 f5 44. Bd1 Be6 45. g4 e4 46. gxf5 Bxf5 47. fxe4 dxe4 48. Ke1 Kd6 49. Kf2 Ke5 50. Kg3 Be6 51. Kh4 Bf7 52. Kg4 Bg6 1/2-1/2

[Event "Copenhagen Chess Challenge IM 2025"]
[Site "Ballerup"]
[Date "2025.07.23"]
[Round "1.8"]
[White "Liu, Casper Yukun"]
[Black "Jalving, August"]
[Result "1-0"]
[WhiteElo "2325"]
[BlackElo "2320"]
[EventDate "2025.07.23"]
[EventType "tourn"]
[EventRounds "9"]
[EventCountry "DEN"]
[SourceTitle "Live v. Michael Andersen"]

1. d4 Nf6 2. c4 e6 3. Nf3 d5 4. Nc3 Be7 5. Bf4 O-O 6. e3 c6 7. h3 Nbd7 8. Qc2 a6 9. cxd5 cxd5 10. Bd3 b5 11. O-O Bb7 12. Rfb1 h6 13. b4 Rc8 14. Qb3 Ne4 15. Bxe4 dxe4 16. Nd2 Nf6 17. a4 Nd5 18. Nxd5 Bxd5 19. Qd1 Qd7 20. Rb2 Rc6 21. axb5 axb5 22. Qg4 Kh7 23. h4 g6 24. f3 f5 25. Qg3 exf3 26. Nxf3 Bxf3 27. Qxf3 Rfc8 28. Rba2 Bd6 29. Ra7 R8c7 30. Ra8 Rc1+ 31. Rxc1 Rxc1+ 32. Kh2 Qc7 33. Re8 Bxf4+ 34. exf4 Rc3 35. Qf2 Qd7 36. Rb8 Rc8 37. Rb6 Rc4 38. Qf3 Qd8 39. Rb7+ Rc7 40. g3 Qd7 41. Rb8 Ra7 42. Kh3 Qxd4 43. Rxb5 Rd7 44. Rb8 Qd1 45. Qxd1 Rxd1 46. b5 Rd2 47. b6 h5 48. Re8 Rb2 49. Re7+ Kh6 50. b7 g5 51. hxg5+ Kg6 52. Rxe6+ Kg7 53. Re7+ Kg6 54. Re6+ Kg7 55. Re7+ Kg6 56. Rc7 Rb3 57. Kg2 h4 58. gxh4 Kh5 59. Kf2 Kxh4 60. g6 1-0

[Event "Copenhagen Chess Challenge IM 2025"]
[Site "Ballerup"]
[Date "2025.07.23"]
[Round "1.9"]
[White "Jepson, Christian"]
[Black "Le Besq, Alexander"]
[Result "1-0"]
[WhiteElo "2409"]
[BlackElo "2265"]
[EventDate "2025.07.23"]
[EventType "tourn"]
[EventRounds "9"]
[EventCountry "DEN"]
[SourceTitle "Live v. Michael Andersen"]

1. d4 Nf6 2. c4 g6 3. Nc3 Bg7 4. e4 d6 5. Be2 O-O 6. Nf3 e5 7. d5 a5 8. Bg5 h6 9. Be3 Ng4 10. Bd2 f5 11. h3 Nf6 12. exf5 gxf5 13. Qc1 f4 14. g3 e4 15. Nd4 Ne8 16. Ne6 Bxe6 17. dxe6 e3 18. fxe3 fxg3 19. Nd5 Qh4 20. Rg1 Nc6 21. Nf4 Ne5 22. Kd1 Nf6 23. Qc2 Nh7 24. Be1 Rxf4 25. exf4 Qxf4 26. Rxg3 Ng5 27. Qd2 Qf6 28. Qe3 Re8 29. Bxa5 Rxe6 30. Bc3 Qf5 31. Qd4 Ne4 32. Rf3 Nxc3+ 33. Rxc3 Kh8 34. Rg3 Ng6 35. Qg4 Qe5 36. Rc1 Nf4 37. Rc2 Kh7 38. Rd2 h5 39. Qg5 Qxg5 40. Rxg5 Kh6 41. Rf5 Be5 42. Bf3 b6 43. h4 Rg6 44. Rf7 c5 45. Be4 Rg7 46. Rxg7 Kxg7 47. Kc2 Kf6 48. Rf2 Ke7 49. Kb3 Ne6 50. Bd5 Nd4+ 51. Ka4 Bg3 52. Rf7+ Kd8 53. Rb7 Bxh4 54. Rxb6 Bg3 55. Ka5 h4 56. Rb8+ Kc7 57. Rb7+ Kc8 58. Rh7 Nc2 59. Kb6 Ne3 60. a4 Be5 61. Be6+ Kd8 62. b3 1-0

[Event "Copenhagen Chess Challenge IM 2025"]
[Site "Ballerup"]
[Date "2025.07.23"]
[Round "1.10"]
[White "Bazilius, Augustinas"]
[Black "Brynell, Stellan"]
[Result "1/2-1/2"]
[WhiteElo "2261"]
[BlackElo "2378"]
[EventDate "2025.07.23"]
[EventType "tourn"]
[EventRounds "9"]
[EventCountry "DEN"]
[SourceTitle "Live v. Michael Andersen"]

1. d4 Nf6 2. c4 e6 3. g3 Bb4+ 4. Bd2 a5 5. Nf3 d6 6. Bg2 Nbd7 7. O-O e5 8. e3 c6 9. a3 Bxd2 10. Nfxd2 O-O 11. Nc3 Re8 12. d5 c5 13. f4 exf4 14. exf4 Nb6 15. Qf3 Bg4 16. Qd3 Qd7 17. Rae1 Bf5 18. Nce4 Nxe4 19. Bxe4 Bxe4 20. Nxe4 h6 21. f5 f6 22. Nd2 Re5 23. Nf3 Rxe1 24. Rxe1 Qa4 25. b3 Qxa3 26. Re7 a4 27. Qe4 Kh7 28. Qe6 Qa1+ 29. Kg2 axb3 30. Qf7 Rg8 31. Re8 Rxe8 32. Qg6+ Kg8 33. Qxe8+ Kh7 34. Qg6+ Kg8 35. Qe8+ Kh7 1/2-1/2

[Event "Copenhagen Chess Challenge IM 2025"]
[Site "Ballerup"]
[Date "2025.07.24"]
[Round "2.6"]
[White "Ramsdal, Jens Albert"]
[Black "Liu, Casper Yukun"]
[Result "1/2-1/2"]
[WhiteElo "2325"]
[BlackElo "2325"]
[EventDate "2025.07.23"]
[EventType "tourn"]
[EventRounds "9"]
[EventCountry "DEN"]
[SourceTitle "Live v. Michael Andersen"]

1. d4 Nf6 2. c4 e6 3. Nf3 d5 4. Nc3 Bb4 5. Qa4+ Nc6 6. Bd2 O-O 7. e3 Qe8 8. Qc2 dxc4 9. a3 Bd6 10. Nb5 e5 11. dxe5 Nxe5 12. Nxd6 cxd6 13. Nxe5 Qxe5 14. f4 Qh5 15. Bxc4 Bf5 16. Bd3 Rac8 17. Qb1 Bxd3 18. Qxd3 Ng4 19. Kf1 Rfe8 20. h3 Re6 21. Kg1 Nf6 22. g4 Qd5 23. Qxd5 Nxd5 24. Kf2 Nf6 25. Rhc1 Ne4+ 26. Ke2 Rce8 1/2-1/2

[Event "Copenhagen Chess Challenge IM 2025"]
[Site "Ballerup"]
[Date "2025.07.24"]
[Round "2.7"]
[White "Falkesgaard, Jeppe Hald"]
[Black "Strom Engdahl, Alexander"]
[Result "1-0"]
[WhiteElo "2309"]
[BlackElo "2313"]
[EventDate "2025.07.23"]
[EventType "tourn"]
[EventRounds "9"]
[EventCountry "DEN"]
[SourceTitle "Live v. Michael Andersen"]

1. d4 d5 2. c4 c6 3. Nf3 Nf6 4. Nc3 e6 5. Qd3 Bd6 6. e4 dxe4 7. Nxe4 Nxe4 8. Qxe4 Nd7 9. Bd3 Nf6 10. Qe2 b6 11. Bd2 Qe7 12. O-O-O Bb7 13. Kb1 c5 14. Rhe1 cxd4 15. Nxd4 Bc5 16. Nb3 Bb4 17. f4 Bxd2 18. Rxd2 O-O-O 19. f5 Rhe8 20. c5 Kb8 21. Bb5 Rxd2 22. Qxd2 Rc8 23. fxe6 fxe6 24. Qf4+ Qc7 25. Qxc7+ Rxc7 26. cxb6 axb6 27. Rxe6 Be4+ 28. Ka1 Kb7 29. g3 Bd5 30. Re5 Rc2 31. Re7+ Kc8 32. Re2 Bxb3 33. axb3 Rxe2 34. Bxe2 Kc7 35. Ka2 Nd5 36. Ka3 Kd6 37. Bc4 Ne3 38. Kb4 Ng4 39. Kb5 Kc7 40. h3 Nf2 41. Be6 Ne4 42. g4 Ng5 43. Bg8 Nxh3 44. Bxh7 Nf2 45. Bf5 Nh3 46. Kc4 Kd6 47. Kd4 Ng5 48. Bc8 Nf3+ 49. Ke4 Nd2+ 50. Kf5 Ke7 51. Kg6 Kf8 52. Be6 Nf3 53. Bd5 Nd4 54. Bc4 Nf3 55. Be6 Ne5+ 56. Kf5 Nc6 57. Bd5 Nb4 58. Ke6 Nd3 59. Bc4 Nf2 60. Be2 b5 61. b4 Nh3 62. Bxb5 Nf4+ 63. Ke5 Ng2 64. Be2 Ke7 65. b5 Kd7 66. Bf3 Ne3 67. Kf4 Nc4 68. b3 Nb6 69. Ke5 Ke7 70. g5 Kd7 71. Bg2 Ke7 72. Bh3 g6 73. Bg4 1-0

[Event "Copenhagen Chess Challenge IM 2025"]
[Site "Ballerup"]
[Date "2025.07.24"]
[Round "2.8"]
[White "Le Besq, Alexander"]
[Black "Bazilius, Augustinas"]
[Result "1-0"]
[WhiteElo "2265"]
[BlackElo "2261"]
[EventDate "2025.07.23"]
[EventType "tourn"]
[EventRounds "9"]
[EventCountry "DEN"]
[SourceTitle "Live v. Michael Andersen"]

1. e4 c5 2. Nf3 d6 3. d4 cxd4 4. Nxd4 Nf6 5. Nc3 a6 6. h3 e5 7. Nf3 Be7 8. g4 h6 9. Rg1 b5 10. g5 hxg5 11. Nxg5 Bb7 12. a4 b4 13. Bc4 bxc3 14. Bxf7+ Kf8 15. Bg6 Qc8 16. b3 Bc6 17. Qf3 Bd7 18. Qg2 Nc6 19. Be3 Nd4 20. Bxd4 exd4 21. Bf5 Ke8 22. f4 Bxf5 23. exf5 Rb8 24. Ne6 Qb7 25. Qg6+ Kd7 26. Ng5 d3 27. Qf7 Qd5 28. Qe6+ Kc6 29. cxd3 Rxb3 30. Qe3 Qc5 31. d4 Nd5 32. Qd3 Nb4 33. Qe4+ Qd5 34. Qxe7 Qxd4 35. Qc7+ Kxc7 36. Ne6+ Kb6 37. a5+ Kb5 38. Nxd4+ Kc4 39. Nxb3 Kxb3 40. Rb1+ Kc4 41. Rxg7 Nd3+ 42. Ke2 Rxh3 43. f6 c2 44. Rc7+ Kd4 45. Rg1 Ke4 46. Rc4+ Kd5 47. f7 c1=Q 48. Rcxc1 Nxf4+ 49. Kd2 Rh2+ 50. Ke3 Ne6 51. Rg5+ Nxg5 52. f8=Q Rh3+ 53. Ke2 1-0

[Event "Copenhagen Chess Challenge IM 2025"]
[Site "Ballerup"]
[Date "2025.07.24"]
[Round "2.9"]
[White "Sriram, Jha"]
[Black "Brynell, Stellan"]
[Result "1/2-1/2"]
[WhiteElo "2301"]
[BlackElo "2378"]
[EventDate "2025.07.23"]
[EventType "tourn"]
[EventRounds "9"]
[EventCountry "DEN"]
[SourceTitle "Live v. Michael Andersen"]

1. d4 e6 2. c4 Nf6 3. Nf3 b6 4. g3 Ba6 5. b3 Bb7 6. Bg2 Bb4+ 7. Bd2 a5 8. O-O O-O 9. Nc3 d6 10. d5 e5 11. Qc2 Nbd7 12. e4 Nc5 13. Rfe1 a4 14. Nb5 Bxd2 15. Nxd2 c6 16. Nc3 axb3 17. axb3 Qc7 18. b4 Ncd7 19. Qb2 Rfb8 20. Rxa8 Rxa8 21. Ra1 Qb8 1/2-1/2

[Event "Copenhagen Chess Challenge IM 2025"]
[Site "Ballerup"]
[Date "2025.07.24"]
[Round "2.10"]
[White "Jalving, August"]
[Black "Jepson, Christian"]
[Result "1/2-1/2"]
[WhiteElo "2320"]
[BlackElo "2409"]
[EventDate "2025.07.23"]
[EventType "tourn"]
[EventRounds "9"]
[EventCountry "DEN"]
[SourceTitle "Live v. Michael Andersen"]

1. e4 e5 2. Nf3 Nc6 3. Bb5 a6 4. Ba4 Nf6 5. O-O b5 6. Bb3 Bb7 7. d3 Be7 8. c4 O-O 9. Nc3 bxc4 10. Bxc4 d6 11. a3 Bc8 12. h3 Na5 13. Ba2 c5 14. b4 cxb4 15. axb4 Nc6 16. b5 Nb4 17. Bc4 Bb7 18. Qb3 d5 19. exd5 axb5 20. Rxa8 Qxa8 21. Nxb5 Bxd5 22. Bxd5 Qxd5 23. Qxd5 Nfxd5 24. Nxe5 f6 25. Nf3 Nxd3 26. Rd1 1/2-1/2

[Event "Copenhagen Chess Challenge IM 2025"]
[Site "Ballerup"]
[Date "2025.07.24"]
[Round "3.6"]
[White "Brynell, Stellan"]
[Black "Le Besq, Alexander"]
[Result "1-0"]
[WhiteElo "2378"]
[BlackElo "2265"]
[EventDate "2025.07.23"]
[EventType "tourn"]
[EventRounds "9"]
[EventCountry "DEN"]
[SourceTitle "Live v. Michael Andersen"]

1. d4 Nf6 2. Nf3 g6 3. c4 Bg7 4. Nc3 O-O 5. Bg5 d6 6. e3 c5 7. d5 h6 8. Bh4 a6 9. Nd2 b5 10. cxb5 Bb7 11. e4 Re8 12. bxa6 Bxa6 13. Bxa6 Nxa6 14. Nc4 Qb8 15. O-O Nd7 16. f4 Nb6 17. Nxb6 Qxb6 18. Qd2 Rab8 19. Rab1 Qb4 20. Rfe1 Qc4 21. e5 Bxe5 22. fxe5 Qxh4 23. Re4 Qh5 24. Rbe1 Rf8 25. R1e2 Kg7 26. Qf4 g5 27. Qg3 Qg6 28. h4 Rb4 29. a3 Rxe4 30. Rxe4 Rb8 31. hxg5 hxg5 32. Rg4 f6 33. exf6+ exf6 34. Qxd6 Rxb2 35. Qxa6 Qf5 36. Rg3 Qf2+ 37. Kh2 Qf4 38. Qe6 Rb8 39. Qe7+ Kg8 40. Ne4 Rf8 41. d6 Rf7 42. Qe8+ Kg7 43. d7 g4 44. d8=Q Qh6+ 45. Rh3 Qf4+ 46. g3 1-0

[Event "Copenhagen Chess Challenge IM 2025"]
[Site "Ballerup"]
[Date "2025.07.24"]
[Round "3.7"]
[White "Bazilius, Augustinas"]
[Black "Jalving, August"]
[Result "0-1"]
[WhiteElo "2261"]
[BlackElo "2320"]
[EventDate "2025.07.23"]
[EventType "tourn"]
[EventRounds "9"]
[EventCountry "DEN"]
[SourceTitle "Live v. Michael Andersen"]

1. d4 Nf6 2. c4 e6 3. Nf3 d5 4. Nc3 dxc4 5. e3 c5 6. Bxc4 a6 7. O-O Nc6 8. dxc5 Qxd1 9. Rxd1 Bxc5 10. b3 b5 11. Bd3 Bb7 12. Ne4 Nxe4 13. Bxe4 Nd8 14. Bxb7 Nxb7 15. Bb2 f6 16. Nd4 Bxd4 17. Rxd4 e5 18. Rd2 O-O 19. Rc1 Rac8 20. Rdc2 Rxc2 21. Rxc2 Rd8 22. Kf1 Rd7 23. Ke2 Kf7 24. Rc6 a5 25. a3 Ke7 26. Rb6 Nd6 27. f4 exf4 28. exf4 a4 29. Bd4 Kf7 30. Bc5 Ne4 31. Bb4 axb3 32. Rxb5 Rc7 33. Be1 Rc2+ 34. Kf3 Nc5 35. Bf2 Nd3 36. Bd4 Ne1+ 37. Ke4 Re2+ 38. Kd5 Nxg2 39. f5 Ne3+ 40. Kd6 Nc4+ 41. Kd5 Nxa3 42. Rb7+ Ke8 43. Rb8+ Kd7 44. Rxb3 Nc2 45. Rb7+ Kc8 46. Rxg7 Rd2 47. Rxh7 Nxd4 48. Rf7 Nf3+ 49. Kc5 Ng5 50. Ra7 Rxh2 51. Kd6 Re2 52. Ra8+ Kb7 53. Rf8 Kb6 54. Kd5 Re5+ 55. Kd6 Ne4+ 56. Kd7 Rxf5 57. Re8 Rd5+ 0-1

[Event "Copenhagen Chess Challenge IM 2025"]
[Site "Ballerup"]
[Date "2025.07.24"]
[Round "3.8"]
[White "Jepson, Christian"]
[Black "Ramsdal, Jens Albert"]
[Result "0-1"]
[WhiteElo "2409"]
[BlackElo "2325"]
[EventDate "2025.07.23"]
[EventType "tourn"]
[EventRounds "9"]
[EventCountry "DEN"]
[SourceTitle "Live v. Michael Andersen"]

1. c4 Nf6 2. Nf3 c6 3. Nc3 d5 4. d4 e6 5. Bg5 Nbd7 6. e3 Qa5 7. cxd5 exd5 8. Bd3 Ne4 9. O-O Nxg5 10. Nxg5 Qd8 11. f4 Nf6 12. h3 Bb4 13. Qc2 Qe7 14. Rae1 h6 15. Nf3 Ne4 16. Ne5 O-O 17. Bxe4 dxe4 18. Rd1 Re8 19. f5 Bd6 20. Nxe4 Bxe5 21. dxe5 Qxe5 22. Nd6 Rf8 23. Qc3 Qxc3 24. bxc3 b6 25. e4 f6 26. Kf2 Ba6 27. Rfe1 Rfd8 28. Rd2 Rd7 29. Ke3 Rad8 30. Red1 Kf8 31. Kf4 Be2 32. Rxe2 Rxd6 33. Rxd6 Rxd6 34. e5 fxe5+ 35. Kxe5 Rd8 36. Rf2 Ke7 37. c4 Rd1 38. Re2 c5 39. a4 Ra1 40. g4 Rxa4 41. h4 Kf7 42. Kd5 Ra1 43. g5 Rd1+ 44. Ke5 g6 45. gxh6 Rf1 46. fxg6+ Kxg6 47. Ra2 Rf5+ 48. Ke6 Rf6+ 49. Ke7 Rf4 50. Kd6 Rxc4 51. Rxa7 Kxh6 52. Kc6 Rb4 53. Re7 c4 54. Kd5 b5 55. Kd4 Rb3 56. Re5 c3 57. Kd3 b4 58. Kc2 Rb2+ 59. Kc1 Rh2 60. Re6+ Kg7 61. Rc6 Rxh4 62. Kc2 Rh2+ 63. Kb1 Rb2+ 64. Ka1 Rc2 65. Rb6 Rc1+ 66. Ka2 Rf1 67. Kb3 Rb1+ 68. Ka2 Rb2+ 69. Ka1 Rb3 70. Ka2 c2 71. Kxb3 c1=Q 72. Kxb4 Qb2+ 73. Kc5 Qa3+ 74. Kc4 Kf7 75. Rb7+ Ke6 76. Rb6+ Kd7 77. Rb7+ Kc6 78. Rb8 Qc1+ 79. Kd3 Qf1+ 80. Kc2 Qf5+ 81. Kd1 Qd5+ 82. Kc2 Qe4+ 83. Kb3 Qb1+ 0-1

[Event "Copenhagen Chess Challenge IM 2025"]
[Site "Ballerup"]
[Date "2025.07.25"]
[Round "4.6"]
[White "Strom Engdahl, Alexander"]
[Black "Liu, Casper Yukun"]
[Result "1-0"]
[WhiteElo "2313"]
[BlackElo "2325"]
[EventDate "2025.07.23"]
[EventType "tourn"]
[EventRounds "9"]
[EventCountry "DEN"]
[SourceTitle "Live v. Michael Andersen"]

1. c4 e5 2. g3 Nc6 3. Nc3 f5 4. Bg2 Nf6 5. d3 Bb4 6. Bd2 Bxc3 7. Bxc3 d6 8. e3 O-O 9. Ne2 Qe8 10. O-O Qh5 11. d4 f4 12. exf4 Bh3 13. f3 Rae8 14. fxe5 dxe5 15. dxe5 Bxg2 16. Kxg2 Nxe5 17. Nf4 Qf5 18. Bxe5 Rxe5 19. Qd3 Qg5 20. h4 Qh6 21. Rae1 Ra5 22. a3 Nh5 23. Ne6 Rb8 24. Qd7 Qg6 25. Qxc7 Re8 26. Ng5 b6 27. Rxe8+ Qxe8 28. Re1 Qf8 29. Ne6 Qe8 30. Rd1 Rc5 31. Rd8 1-0

[Event "Copenhagen Chess Challenge IM 2025"]
[Site "Ballerup"]
[Date "2025.07.25"]
[Round "4.7"]
[White "Ramsdal, Jens Albert"]
[Black "Bazilius, Augustinas"]
[Result "0-1"]
[WhiteElo "2325"]
[BlackElo "2261"]
[EventDate "2025.07.23"]
[EventType "tourn"]
[EventRounds "9"]
[EventCountry "DEN"]
[SourceTitle "Live v. Michael Andersen"]

1. Nf3 d5 2. e3 Nf6 3. c4 c6 4. Nc3 a6 5. b3 Bf5 6. Be2 h6 7. O-O e6 8. Bb2 Nbd7 9. d3 Bh7 10. Re1 Be7 11. Bf1 O-O 12. Qe2 Re8 13. Rad1 Qc7 14. e4 dxe4 15. dxe4 e5 16. Nd2 Rad8 17. a3 Nc5 18. Qe3 Ne6 19. b4 Nd4 20. Bd3 a5 21. c5 axb4 22. axb4 b6 23. Na4 bxc5 24. Nxc5 Nd7 25. Na6 Qb6 26. Nc4 Qxa6 27. Nxe5 Qc8 28. Bxd4 Nxe5 29. Bxe5 Bxb4 30. Ba1 Bxe1 31. Rxe1 Qe6 32. Bc2 Bxe4 33. Qc3 Qf6 34. Qa5 Qg5 35. Qxg5 hxg5 0-1

[Event "Copenhagen Chess Challenge IM 2025"]
[Site "Ballerup"]
[Date "2025.07.25"]
[Round "4.8"]
[White "Falkesgaard, Jeppe Hald"]
[Black "Jepson, Christian"]
[Result "0-1"]
[WhiteElo "2309"]
[BlackElo "2409"]
[EventDate "2025.07.23"]
[EventType "tourn"]
[EventRounds "9"]
[EventCountry "DEN"]
[SourceTitle "Live v. Michael Andersen"]

1. d4 Nf6 2. c4 e6 3. Nc3 Bb4 4. e3 O-O 5. Bd3 d5 6. Nf3 b6 7. O-O Ba6 8. Qe2 c5 9. cxd5 Bxd3 10. Qxd3 Bxc3 11. bxc3 Qxd5 12. a4 Nc6 13. Ba3 Rfd8 14. Qb5 Ne4 15. Rfc1 c4 16. Ra2 Na5 17. Bb4 Nb3 18. Rcc2 a5 19. Ba3 Qxb5 20. axb5 f6 21. Ne1 e5 22. f3 Nd6 23. Bxd6 Rxd6 24. Ra4 Rc8 25. Rb2 exd4 26. exd4 Re6 27. Kf2 Rce8 28. Nc2 Re2+ 29. Kg3 Rc8 30. Raa2 Nc1 31. Ra1 Nd3 32. Rba2 g5 33. Na3 Nf4 34. Kg4 Rxg2+ 35. Rxg2 Nxg2 36. Nc2 Re8 37. d5 Ne3+ 38. Nxe3 Rxe3 39. f4 Rxc3 40. fxg5 Rd3 41. Rc1 Rxd5 42. gxf6 Rc5 0-1

[Event "Copenhagen Chess Challenge IM 2025"]
[Site "Ballerup"]
[Date "2025.07.25"]
[Round "4.9"]
[White "Sriram, Jha"]
[Black "Le Besq, Alexander"]
[Result "1/2-1/2"]
[WhiteElo "2301"]
[BlackElo "2265"]
[EventDate "2025.07.23"]
[EventType "tourn"]
[EventRounds "9"]
[EventCountry "DEN"]
[SourceTitle "Live v. Michael Andersen"]

1. Nf3 Nf6 2. g3 g6 3. b3 Bg7 4. Bb2 O-O 5. Bg2 c5 6. c4 d5 7. cxd5 Nxd5 8. Bxg7 Kxg7 9. O-O Nc6 10. d4 cxd4 11. Nxd4 e5 12. Nxc6 bxc6 13. Qc1 Qb6 14. Nc3 Bb7 15. Na4 Qb4 16. Qc5 Qxc5 17. Nxc5 Bc8 18. Rfd1 Bg4 19. h3 Be6 20. Rac1 Rfc8 21. e4 Nc7 22. Rd6 Nb5 23. Nxe6+ fxe6 24. Rdxc6 Re8 25. Bf1 Nd4 26. Rc7+ Kh6 27. Kg2 Rf8 28. R7c5 Rf3 29. Rd1 Raf8 30. Rd2 R3f7 31. f4 exf4 32. Rxd4 fxg3 33. Rd1 Rf2+ 34. Kg1 R8f3 35. h4 Rxa2 36. Rg5 Re3 37. Rd3 Rxe4 38. Rgxg3 Rxh4 39. Rh3 Rxh3 40. Rxh3+ Kg7 41. Bc4 e5 42. Rf3 h5 43. Rf7+ Kh6 44. Re7 Kg5 45. Rxe5+ Kf4 46. Re7 g5 47. Rf7+ Kg3 48. Rf5 Kg4 49. Be6 Kh4 50. Bf7 Kg4 51. Rc5 Kh4 52. Kf1 Ra6 53. Kg2 Rf6 54. Rc7 a6 55. Bc4 Rd6 56. Ra7 Rd2+ 57. Kf1 Kg3 58. Rxa6 h4 59. Rg6 g4 60. Be2 Rd4 61. Kg1 h3 62. Rxg4+ Rxg4 63. Bxg4 Kxg4 64. b4 Kf5 65. Kh2 Ke5 66. Kxh3 Kd5 67. Kg4 Kc4 68. Kf4 Kxb4 69. Ke4 1/2-1/2

[Event "Copenhagen Chess Challenge IM 2025"]
[Site "Ballerup"]
[Date "2025.07.25"]
[Round "4.10"]
[White "Jalving, August"]
[Black "Brynell, Stellan"]
[Result "1/2-1/2"]
[WhiteElo "2320"]
[BlackElo "2378"]
[EventDate "2025.07.23"]
[EventType "tourn"]
[EventRounds "9"]
[EventCountry "DEN"]
[SourceTitle "Live v. Michael Andersen"]

1. e4 e6 2. d4 d5 3. Nc3 dxe4 4. Nxe4 Bd7 5. Nf3 Bc6 6. Bd3 Nd7 7. O-O Ngf6 8. Qe2 Nxe4 9. Bxe4 Bxe4 10. Qxe4 c6 11. Bf4 Be7 12. c4 O-O 13. Rfd1 Re8 14. Rac1 Qa5 15. a3 Rad8 16. Qc2 Nf8 17. b4 Qh5 18. Rb1 Ng6 19. Be3 a6 20. a4 b5 21. Rdc1 Bd6 22. Qe4 Ne7 23. Bf4 Qg4 24. g3 Bxf4 25. Qxf4 Qxf4 26. gxf4 Nf5 27. cxb5 cxb5 28. axb5 axb5 29. Rc5 Nxd4 30. Nxd4 Rxd4 31. Rxb5 Rxf4 32. Rb7 g5 33. b5 Rc8 34. b6 Rfc4 35. Kg2 Rc1 36. Rb3 R1c3 37. Rb5 R3c5 38. Rb3 Kg7 39. Rd7 Kg6 40. Rf3 f5 41. Rh3 h5 42. Rb3 g4 43. b7 Rb8 44. Rb6 Kg5 45. Rxe6 Rb5 46. Ree7 h4 47. h3 gxh3+ 48. Kxh3 Rb3+ 49. Kh2 Kf4 50. Rd4+ Kf3 51. Re5 Kxf2 52. Rf4+ Rf3 53. Rexf5 Rxf4 54. Rxf4+ Ke3 55. Rb4 Kd3 56. Kh3 Kc3 57. Rxh4 1/2-1/2

[Event "Copenhagen Chess Challenge IM 2025"]
[Site "Ballerup"]
[Date "2025.07.25"]
[Round "5.6"]
[White "Liu, Casper Yukun"]
[Black "Sriram, Jha"]
[Result "1/2-1/2"]
[WhiteElo "2325"]
[BlackElo "2301"]
[EventDate "2025.07.23"]
[EventType "tourn"]
[EventRounds "9"]
[EventCountry "DEN"]
[SourceTitle "Live v. Michael Andersen"]

1. e4 e5 2. Nc3 Nf6 3. d4 exd4 4. Qxd4 Nc6 5. Qd3 Bc5 6. Qg3 Qe7 7. Bd3 d5 8. Bg5 Bb4 9. Kf1 Bxc3 10. exd5 Be5 11. f4 Bxf4 12. Bxf4 Nh5 13. Qf3 Nxf4 14. dxc6 Qb4 15. Be4 Qb5+ 16. Kf2 Qc5+ 17. Kf1 Qb5+ 18. Kf2 Qc5+ 19. Ke1 Qe5 20. Ne2 Nxe2 21. cxb7 Bxb7 22. Bxb7 Nd4+ 23. Qe4 Qxe4+ 24. Bxe4 O-O-O 25. Bd3 c5 26. b3 Nc6 27. Kf2 Nb4 28. Bf5+ Kc7 29. Rhe1 g6 30. a3 Nc6 31. Bd3 Rhe8 32. Rxe8 Rxe8 33. Bb5 Re5 34. Re1 Rxe1 35. Kxe1 Nd4 36. Bd3 Kd6 37. Kd2 Nc6 38. Ke3 Ke5 39. c3 a5 40. Be4 Ne7 41. b4 cxb4 42. cxb4 axb4 43. axb4 Nc8 44. Bc2 f5 45. Kd3 Nb6 46. Kc3 Kd5 47. Bb3+ Ke5 48. b5 h6 49. Kb4 Kd6 50. Bc2 Nd5+ 51. Ka5 Kc7 52. Ka6 Kb8 53. Bd1 Kc7 54. Bb3 Nb6 55. Be6 f4 56. h4 g5 57. h5 Na4 58. Bg4 Nb6 59. Bf3 Nc4 60. Bc6 Nb6 61. Be4 Nc4 62. Bf3 Nb6 63. Ka5 Nd7 64. Kb4 Kb6 65. Be2 Ne5 66. Kc3 Kc5 67. b6 Kxb6 68. Kd4 Nd7 69. Ke4 Kc5 70. Kf5 Kd4 71. Kg6 Ke3 72. Kxh6 Kxe2 73. Kxg5 Ke3 74. h6 Nf8 75. Kf6 Kf2 76. Kg7 Kxg2 77. Kxf8 f3 78. h7 f2 1/2-1/2

[Event "Copenhagen Chess Challenge IM 2025"]
[Site "Ballerup"]
[Date "2025.07.25"]
[Round "5.7"]
[White "Jepson, Christian"]
[Black "Strom Engdahl, Alexander"]
[Result "1/2-1/2"]
[WhiteElo "2409"]
[BlackElo "2313"]
[EventDate "2025.07.23"]
[EventType "tourn"]
[EventRounds "9"]
[EventCountry "DEN"]
[SourceTitle "Live v. Michael Andersen"]

1. c4 Nf6 2. Nf3 c6 3. g3 d5 4. Bg2 g6 5. b3 Bg7 6. Bb2 O-O 7. O-O a5 8. Nc3 Re8 9. d4 Bf5 10. e3 Bg4 11. h3 Bxf3 12. Qxf3 e6 13. Rad1 Nbd7 14. Qe2 Qc7 15. Rc1 Qd8 16. Rfd1 Qe7 17. Re1 1/2-1/2